00478nam a2200157Ia 4500001001000000003000500010008004100015010001100056040000900067100001700076245007500093260006100168300001500229440004800244650002800292Para_3903CHAP220125s1931 xx 000 0 und d a202404 cCHAP aFriend, R. B aThe squash vine borer Melittia satyriniformis Hubner /c R. B. Friend aStorrs, Connecticut :b Agricultural Experiment Station ap. 588-608 aConnecticut Agr. Agri. Exp. Sta. Bull.; 328 aMelittia satyriniformis